000 01526cam a22004217i 4500
999 _c62509
_d62509
001 21091239
005 20241120113919.0
008 190718s2019 enka 001 0 eng d
010 _a 2019286225
015 _aGBB918902
_2bnb
016 7 _a019226630
_2Uk
020 _a9780198426981
_q(pbk. ; with access card)
020 _a0198426984
_q(pbk. ; with access card)
020 _a9780198426998 X
_qpaperback
020 _a0198426992
_qpaperback
035 _a(OCoLC)on1084318918
040 _aUKMGB
_beng
_cUKMGB
_erda
_dOCLCO
_dOCLCF
_dATMET
_dYDX
_dDLC
042 _alccopycat
050 0 0 _aQA39.3
_b.B384 2019
080 _a51-7M-39
245 1 0 _aMathematics :
_bapplications and interpretation. Standard level. Course companion /
_cPaul Belcher [and 16 others].
264 1 _aOxford, United Kingdom :
_bOxford University Press,
_c2019.
300 _ax, 678 pages :
_billustrations (color) ;
_c26 cm.
336 _atext
_2rdacontent
336 _astill image
_2rdacontent
337 _aunmediated
_2rdamedia
338 _avolume
_2rdacarrier
490 1 _aOxford IB diploma programme
500 _aIncludes index.
500 _aIncludes Internet access.
650 7 _aMathematics.
_2fast
_0(OCoLC)fst01012163
_923755
653 _aმათემატიკა
700 _aBelcher, Paul
_eand others
_923756
830 0 _aIB diploma programme.
_923757
906 _a7
_bcbc
_ccopycat
_d2
_encip
_f20
_gy-gencatlg
942 _2udc
_cBK
955 _bxn11 2019-07-18 z-processor to USASH
_irl02 2019-10-03 to BCCD